Estudio dramático de la poesía dramática en el drama `Consuelo` de Ayala / (Record no. 133028)
[ view plain ]
| 000 -LEADER | |
|---|---|
| campo de control de longitud fija | 00695nam a2200181 4500 |
| 001 - NÚMERO DE CONTROL | |
| campo de control | 133028 |
| 003 - IDENTIFICADOR DE NÚMERO DE CONTROL | |
| campo de control | ES-MaACL |
| 005 - FECHA Y HORA DE LA ÚLTIMA TRANSACCIÓN | |
| campo de control | 20251118153318.0 |
| 007 - CAMPO FIJO DE DESCRIPCIÓN FÍSICA--INFORMACIÓN GENERAL | |
| campo de control de longitud fija | t| |
| 008 - DATOS DE LONGITUD FIJA--INFORMACIÓN GENERAL | |
| campo de control de longitud fija | 070214s1901 sp r ||||1| spa d |
| 100 1# - ENTRADA PRINCIPAL--NOMBRE DE PERSONA | |
| Nombre de persona | Ruano y Corvo, José maría. |
| 9 (RLIN) | 100274 |
| 245 10 - MENCIÓN DEL TÍTULO | |
| Título | Estudio dramático de la poesía dramática en el drama `Consuelo` de Ayala / |
| Mención de responsabilidad, etc. | José María Ruano y Corvo ; con un discurso sobre el método de enseñanza y un prólogo de Mario Méndez Bejarano. |
| 260 ## - PUBLICACIÓN, DISTRIBUCIÓN, ETC. | |
| Lugar de publicación, distribución, etc. | Madrid : |
| Nombre del editor, distribuidor, etc. | [s. n.], |
| Fecha de publicación, distribución, etc. | 1901 ( |
| Fabricante | Imp. R. Velasco) |
| 300 ## - DESCRIPCIÓN FÍSICA | |
| Extensión | XXXIII, 392 p. ; |
| Dimensiones | 19 x 12 cm. |
| 700 1# - ENTRADA AGREGADA--NOMBRE PERSONAL | |
| Nombre de persona | Méndez Bejarano, Mario, |
| Fechas asociadas al nombre | 1857-1931 |
| 9 (RLIN) | 80142 |
| 852 ## - LOCALIZACIÓN | |
| Ubicación | ES-MaACL |
| Número de control de estantería | G-13507 |
| Estatus retirado | Estado de pérdida | Estado de daño | No para préstamo | Biblioteca de origen | Biblioteca actual | Ubicación en estantería | Fecha de adquisición | Fuente de adquisición | Total de préstamos | Signatura topográfica completa | Código de barras | Visto por última vez | Precio de reemplazo | Tipo de ítem Koha |
|---|---|---|---|---|---|---|---|---|---|---|---|---|---|---|
| Biblioteca del Ateneo de Madrid | Biblioteca del Ateneo de Madrid | Sala Pecera Planta 3 | 17/01/2008 | G-13507 | 1138492 | 23/02/2023 | 23/02/2023 | Libro impreso antiguo |
